| 000 | 01228cam a2200397 a 4500 | ||
|---|---|---|---|
| 001 | 16348316 | ||
| 003 | OSt | ||
| 005 | 20140310183121.0 | ||
| 008 | 100725s2010 ph a b 000 0 eng | ||
| 010 | _a 2010338690 | ||
| 020 | _a9789712723797 | ||
| 040 |
_aDLC _cDLC |
||
| 041 | 0 |
_aeng _atgl |
|
| 042 |
_alcode _apcc |
||
| 043 | _aa-ph--- | ||
| 050 | 0 | 0 |
_aPL6051 _b.M112 2010 |
| 082 |
_aF899.211 _b.Es8 2010 |
||
| 245 | 0 | 0 |
_aEssays on Philippine language and literature / _cMabanglo, Ruth Elynia S. |
| 260 |
_aManila : _bAnvil Publishing Inc., _cc2010. |
||
| 300 |
_axxii, 302 p. : _bill. ; _c23 cm. |
||
| 504 | _aIncludes bibliographical references. | ||
| 521 | _aCollege Students | ||
| 526 | _c1210L-1700L | ||
| 541 | _j1 | ||
| 541 | _j2 | ||
| 546 | _aIn English, and some articles in Tagalog. | ||
| 562 | _e2 | ||
| 650 | 0 |
_aFilipino language _xStudy and teaching. |
|
| 650 | 0 |
_aPhilippine literature _xStudy and teaching. |
|
| 700 | 1 | _aMabanglo, Elynia S. | |
| 700 | 1 | _aGalang, Rosita G. | |
| 906 |
_a7 _bcbc _corigcop _d3 _encip _f20 _gy-gencatlg |
||
| 942 |
_2lcc _cBK _kFIL |
||
| 999 |
_c18936 _d18936 |
||